<?xml version="1.0" encoding="UTF-8"?>
<record
    xmlns:xsi="http://www.w3.org/2001/XMLSchema-instance"
    xsi:schemaLocation="http://www.loc.gov/MARC21/slim http://www.loc.gov/standards/marcxml/schema/MARC21slim.xsd"
    xmlns="http://www.loc.gov/MARC21/slim">

  <leader>00872nam a22002297a 4500</leader>
  <controlfield tag="003">OSt</controlfield>
  <controlfield tag="005">20250715192258.0</controlfield>
  <controlfield tag="008">250715b        |||||||| |||| 00| 0 sp  d</controlfield>
  <datafield tag="020" ind1=" " ind2=" ">
    <subfield code="a">9789588585611</subfield>
  </datafield>
  <datafield tag="040" ind1=" " ind2=" ">
    <subfield code="a">cunsuroc</subfield>
    <subfield code="b">esp.</subfield>
    <subfield code="c">anacap</subfield>
  </datafield>
  <datafield tag="082" ind1=" " ind2=" ">
    <subfield code="2">1aed</subfield>
    <subfield code="a">333.72 I15</subfield>
  </datafield>
  <datafield tag="110" ind1=" " ind2=" ">
    <subfield code="a">Instituto Colombiano de Normas, t&#xE9;cnicas y certificaci&#xF3;n ICONTEC</subfield>
    <subfield code="9">14023</subfield>
  </datafield>
  <datafield tag="245" ind1=" " ind2=" ">
    <subfield code="a">Gesti&#xF3;n ambiental.</subfield>
    <subfield code="b">An&#xE1;lisis ciclo de vida y eco dise&#xF1;o. INCOTEC.</subfield>
    <subfield code="c">Instituto Colombiano de Normas, t&#xE9;cnicas y certificaci&#xF3;n ICONTEC</subfield>
  </datafield>
  <datafield tag="250" ind1=" " ind2=" ">
    <subfield code="a">1aed</subfield>
  </datafield>
  <datafield tag="260" ind1=" " ind2=" ">
    <subfield code="a">Bogot&#xE1;, Colombia,</subfield>
    <subfield code="b">Instituto Colombiano, incontec Internacional,</subfield>
    <subfield code="c">2015</subfield>
  </datafield>
  <datafield tag="300" ind1=" " ind2=" ">
    <subfield code="a">P&#xE1;ginas continuas</subfield>
    <subfield code="c">; 30 cm.</subfield>
  </datafield>
  <datafield tag="365" ind1=" " ind2=" ">
    <subfield code="b">1</subfield>
    <subfield code="d">169.64</subfield>
    <subfield code="j">co</subfield>
  </datafield>
  <datafield tag="504" ind1=" " ind2=" ">
    <subfield code="a">Bibliograf&#xED;a:p. 33,23,49,43,38</subfield>
  </datafield>
  <datafield tag="650" ind1=" " ind2=" ">
    <subfield code="2">Gesti&#xF3;n ambiental</subfield>
  </datafield>
  <datafield tag="650" ind1=" " ind2=" ">
    <subfield code="2">Impactos ambientales</subfield>
  </datafield>
  <datafield tag="942" ind1=" " ind2=" ">
    <subfield code="2">ddc</subfield>
    <subfield code="c">BK</subfield>
    <subfield code="e">1a ed.</subfield>
    <subfield code="h">333.72 I15</subfield>
    <subfield code="n">0</subfield>
  </datafield>
  <datafield tag="999" ind1=" " ind2=" ">
    <subfield code="c">5827</subfield>
    <subfield code="d">5827</subfield>
  </datafield>
  <datafield tag="952" ind1=" " ind2=" ">
    <subfield code="0">0</subfield>
    <subfield code="1">0</subfield>
    <subfield code="2">ddc</subfield>
    <subfield code="4">0</subfield>
    <subfield code="7">0</subfield>
    <subfield code="8">NFIC</subfield>
    <subfield code="a">CUM</subfield>
    <subfield code="b">CUM</subfield>
    <subfield code="c">GEN</subfield>
    <subfield code="d">2025-07-15</subfield>
    <subfield code="e">comprado</subfield>
    <subfield code="f">Estanter&#xED;a</subfield>
    <subfield code="g">169.64</subfield>
    <subfield code="i">56H8743-2017/8096</subfield>
    <subfield code="l">0</subfield>
    <subfield code="o">333.72 I15</subfield>
    <subfield code="p">56HB08096</subfield>
    <subfield code="r">2025-07-15 19:24:19</subfield>
    <subfield code="t">c.1</subfield>
    <subfield code="w">2025-07-15</subfield>
    <subfield code="y">BK</subfield>
  </datafield>
</record>
